Quizzes
Events
Quiz Creation
Community
Videos
Private Events
Remove Ads
Sign In
Join for FREE
Feedback
Dark Mode
Quiz Categories
Sports
Geography
Music
Movies
Television
Just For Fun
Miscellaneous
History
Literature
Language
Science
Gaming
Entertainment
Religion
Holiday
For Kids
Quiz Lab
Recent
Popular Today
Quiz Kudos Today
Editor Picks
Curator Picks
Quizzes by...
Day
Popularity
Type
Ratings
Length
Year
Community
Subscriptions
Recent Discussions
Orange Saloon
Badges
Playlists
Quests
Create
Leaderboards
Showdown
Live 5
Trivia Bingo
Activity
Puzzle Library
Sporcle Events
Private Events
Virtual Trivia
Globe League
Become a Host
Pub Owners
SporcleCon
Opinionation
Our Games
Videos
Blog
Mobile Apps
Partnerships
Remove Ads and Go Orange
Feedback
Music
Pop Music
The Beatles
Song
Album
Lyrics
Bands
Singers
Artist
Clip
Rock
Rap
Classical
Billboard
Country Music
Kpop
Taylor Swift
Music
Pop Music
The Beatles
Song
Album
Lyrics
Bands
Singers
Artist
Clip
Rock
Rap
Classical
Billboard
Country Music
Kpop
Taylor Swift
Random Quiz
Search Sporcle
×
Quiz Lab
Quiz Lab
Music
Song
Select answers by clicking on text or image buttons
Select answers by clicking on text or image buttons
Clickable
Best Score? Go Orange.
Story In A Song Stats
Can you name the Story In A Song?
By
stonesnake
20m
50 Questions
60 Plays
60 Plays
60 Plays
Comments
Comments
Give Quiz Kudos
Give Quiz Kudos
-
- Ratings
hide this ad
Forced Order
Answers have to be entered in order
Answers have to be entered in order
Replay
Link that replays current quiz
Next Quiz
Link to next quiz in quiz playlist
You Got
0%
They Got
Avg Score
59%
Avg Friend Score
Upgrade to see
Score Distribution
Jump to the score distribution portion of the page
Score
0/50
Timer
20:00
0
Plays Today
% Correct
Hotel California
95%
Lola
90%
A Boy Named Sue
88.3%
Space Oddity
85%
Jailhouse Rock
85%
It's My Party
83.3%
Gypsies Tramps and Thieves
81.7%
The Devil Went Down To Georgia
81.7%
Norwegian Wood
76.7%
The Boxer
76.7%
Woodstock
76.7%
Summer Nights
76.7%
Leader of the Pack
75%
Stan
75%
In the Ghetto
73.3%
Good Morning Judge
71.7%
Don't Stand So Close To Me
71.7%
Back in the USSR
71.7%
The Night They Drove Old Dixie Down
70%
Harper Valley PTA
68.3%
Escape (The Pina Colada Song)
65%
Copacabana
63.3%
Walk on the Wild Side
61.7%
The Killing of Georgie
58.3%
El Paso
56.7%
% Correct
Mack The Knife
56.7%
Down in the Tubestation at Midnight
56.7%
Tell Laura I Love Her
55%
Coward of the County
55%
Lying Eyes
55%
Green Green Grass of Home
53.3%
Delilah
51.7%
You Never Can Tell
51.7%
The Diary of Horace Wimp
51.7%
Right Next Door
48.3%
Pictures of Lily
48.3%
Maxwell's Silver Hammer
46.7%
I'm Mandy, Fly Me
45%
Whisky in the Jar
41.7%
Lucille
40%
The Day Before You Came
38.3%
24 Hours FromTulsa
38.3%
Rubber Bullets
38.3%
Emmaline
38.3%
Ebony Eyes
33.3%
Hazard
28.3%
Babooshka
28.3%
Up The Junction
28.3%
Under Your Thumb
25%
Labelled With Love
23.3%
Quiz Playlist
Details
Report
Send in Message
Add To Playlist
Clickable:
Select answers by clicking on text or image buttons
Forced Order:
Answers have to be entered in order
Last Updated: Feb 16, 2017
Quiz Scoreboard
CHALLENGE
Sign Up to Join the Scoreboard
Show All
Scores
Hide
Comments
May contain spoilers
Recently Published
College Basketball Coaching Resumes
by pancakes188
Sports
9m
Billboard Blitz: Fleetwood Mac
by CooCooCachoo
Music
15s
Presidents Visiting Landmarks
by Hejman
History
7m
More to Explore
Quiz From the Vault
Featured Blog Post
Where Did the Easter Bunny Come From?
hide this ad
You Might Also Like...
Tags
Clickable Quiz
Song Quiz
Story
Today's Top Quizzes in Music
Browse Music
hide this ad
Today's Top Quizzes in Song
Browse Song
Top Contributed Quizzes in Music
1
Taylor Swift All Songs (2024)
2
Guess the Artist- 70s Songs
3
7-to-1: Billboard Hot 100 #1 Hits of 2010s
4
Sorting Albums and Songs
5
Taylor Swift Logic Puzzle
6
KPOP LOGIC QUIZ
7
Guess the Taylor Swift song (Mystery Song)
8
One Thing in Common: Music
9
2010s Album by Cover III
10
Guess The Taylor Swift Lyrics Song #1
Explore More
Trending Topics
Disney
Crossword
NBA
Marvel
Kpop
Harry Potter
Anime
Country
Song
Pokémon
Soccer
The Office
WWE
Puzzle
NFL
hide this ad
More By:
stonesnake
Quiz
Plays
Rating
Category
Featured
Created
Match the actor to the role
437
4.42
Movies
Oct 29, 2015
30 classic closing lines
138
4.25
Movies
May 28, 2017
What was he in again?
132
2.00
Movies
Oct 28, 2015
AFI Top 100 Quotes #1
121
3.67
Movies
Feb 3, 2017
AFI Top 100 Quotes #2
94
4.50
Movies
Feb 3, 2017
Go to Creator's Profile
Score Distribution
Quiz Creator Spotlight
stonesnake
Follow
Send a Message
Quizzes Created
-
Created Quiz Play Count
-
More By This Creator
Popular Quizzes Today
1
Find the US States - No Outlines Minefield
2
Find the Countries of Europe - No Outlines Minefield
3
The Countries of the World
4
Find the US States
5
Risky Map Clicking: Biggest States A-Z
6
US States
7
Popular People in 1961
8
Movies - When Are They Set?
More Music Quizzes
Musical Men by Image A-Z III
Published
Trending Quizzes
Risky Map Clicking: Least Populous States A-Z
1-10 Letter G Words
1-10 Letter F Words
Risky Map Clicking: Next State Alphabetically
Risky Map Clicking: Biggest States A-Z
Recently Updated
Leaping Animals
pecheneg
Reality TV Shows (A-Z)
bhenderson79
Rickey Henderson's Hall of Fame Teammates
pecheneg
Champions League XIs: Arsenal
pecheneg
Quick Pick: Celebrities in WWE's Hall of Fame
aduchscher
A-Z Keypad Blitz II
pecheneg
Multiple Oscar Actors
pecheneg
Mystery Phrase Blitz: Oscar 'Best Actors'
pecheneg
F. Scott Fitzgerald Novels
LTH
Pick 3 Villains
ddd62291
Trending Topics
NBA
Disney
Marvel
Anime
Kpop
Crossword
Harry Potter
WWE
The Office
NFL
Country
Song
Pokémon
Puzzle
Soccer
Your Account Isn't Verified!
In order to create a playlist on Sporcle, you need to verify the email address you used during registration. Go to your
Sporcle Settings
to finish the process.
Report this User
Report this user for behavior that violates our
Community Guidelines
.
Details:
Send Report
Go to the Sporcle.com Mobile Site →
Comments